Famous singers #1 - Statistics

General Stats
  • This quiz has been taken 152 times
  • The average score is 7 of 15
Answer Stats
Hint Answer % Correct
Billie Jean, Thriller, Smooth Criminal Michael Jackson
98%
Bohemian Rhapsody, Radio Ga Ga, Don´t stop me now Queen
87%
Last Christmas, Wake Me Up Before You Go-Go Wham!
73%
Viva La Vida, Higher Power, Yellow Coldplay
69%
If I Were A Boy, Halo, Cuff It Beyoncé
65%
Holiday, 21 Guns, Boulevard of Broken Dreams Green Day
56%
Happy, Freedom Pharrell Williams
56%
Meet me Halfway, Pump It, Let´s Get It Started Black Eyed Peas
46%
Heroes, Let´s Dance David Bowie
38%
Woman, Say So, Streets Doja Cat
38%
Fallin´, No One, Superwoman Alicia Keys
32%
One More Time, Around The World, Something About Us Daft Punk
32%
Glimpse Of Us, Die For You Joji
19%
Brother Louie, Cheri Cheri Lady Modern Talking
16%
Sky, Magnolia, Stop Breathing Playboi Carti
8%
No matching quizzes found
Score Distribution
Percent of People with Each Score
Percentile by Number Answered
Your Score History
You have not taken this quiz